000 00518nam a22001697a 4500
005 20251108165454.0
008 250721s2001 xx 000 0 ara d
082 1 4 _a523.03/منص
100 1 _aمنصور، زينب
245 1 0 _aالموسوعة الفلكية :
_bالكون - الفضاء - الأرض /
264 1 _aعمان :
_bالأهلية للنشر و التوزيع،
_c2001.
300 _a323ص.
650 1 7 _aعلم الفلك
650 1 7 _aالموسوعات
942 _2ddc
_cBK
999 _c28728
_d28728